Sports Quiz

Random Sports or NCAA Quiz

NCAA Hockey Champions Quiz Stats

 Plays Quiz Updated Apr 15, 2019

Score 0/72 Timer 10:00
1 Play Today
Year Winner % Correct
1948Michigan
92.9%
1951Michigan
92.9%
1952Michigan
92.9%
1953Michigan
92.9%
1955Michigan
92.9%
1956Michigan
92.9%
1964Michigan
92.9%
1996Michigan
92.9%
1998Michigan
92.9%
1949Boston College
92.7%
2001Boston College
92.7%
2008Boston College
92.7%
2012Boston College
91.7%
1974Minnesota
91.4%
1976Minnesota
91.4%
1979Minnesota
91.4%
2002Minnesota
91.4%
2003Minnesota
91.4%
1971Boston University
83.8%
1972Boston University
83.8%
1978Boston University
83.8%
1995Boston University
83.8%
2009Boston University
83.8%
1973Wisconsin
81.3%
1977Wisconsin
81.3%
1981Wisconsin
81.3%
1983Wisconsin
81.3%
1990Wisconsin
81.3%
2006Wisconsin
81.3%
2016North Dakota
79.3%
2013Yale
75.3%
1966Michigan State
75.2%
1986Michigan State
75.2%
2007Michigan State
75.2%
1959North Dakota
74.7%
1963North Dakota
74.7%
Year Winner % Correct
1980North Dakota
74.7%
1982North Dakota
74.7%
1987North Dakota
74.7%
1997North Dakota
74.7%
2000North Dakota
74.7%
2017Denver
74.1%
1989Harvard
71.6%
2019Minnesota-Duluth
69.8%
2018Minnesota-Duluth
67.7%
1958Denver
66.4%
1960Denver
66.4%
2004Denver
66.4%
1961Denver
66.4%
1968Denver
66.4%
1969Denver
66.4%
2005Denver
66.4%
1993Maine
65.9%
1999Maine
65.9%
2010Boston College
62.4%
2015Providence
57.2%
1967Cornell
49.3%
1970Cornell
49.3%
2014Union (N.Y.)
48.1%
1950Colorado College
43.9%
1957Colorado College
43.9%
1962Michigan Tech
34.3%
1965Michigan Tech
34.3%
1975Michigan Tech
34.3%
1988Lake Superior State
32%
1992Lake Superior State
32%
1994Lake Superior State
32%
1954Rensselaer
31%
1985Rensselaer
31%
1991Northern Michigan
28.2%
1984Bowling Green
27.7%
2011Minnesota-Duluth
27.5%

You're not logged in!

Compare scores with friends on all Sporcle quizzes.
OR
Log In

Sporcle TV

Today on Sporcle TV


Watch our educational content, quiz creation guides, and fun videos on Sporcle TV.

Show Comments

Extras

Top Quizzes Today


Score Distribution

Your Account Isn't Verified!

In order to create a playlist on Sporcle, you need to verify the email address you used during registration. Go to your Sporcle Settings to finish the process.

Report this User

Report this user for behavior that violates our Community Guidelines.

Details: